[Event "AUT-chT 1314"]
[Site "Austria"]
[Date "2014.02.02"]
[Round "7.1"]
[White "Kreindl, Helmut"]
[Black "Moser, Eva"]
[Result "0-1"]
[WhiteElo "2213"]
[BlackElo "2436"]
[PlyCount "208"]
[EventDate "2013.12.06"]
[EventType "team-tourn"]
[EventRounds "11"]
[EventCountry "AUT"]
[SourceTitle "CBM 158 Extra"]
[Source "ChessBase"]
[SourceDate "2014.02.28"]
[SourceVersion "1"]
[SourceVersionDate "2014.02.28"]
[SourceQuality "1"]
[WhiteTeam "Tschaturanga"]
[BlackTeam "Wolfsberg"]
[WhiteTeamCountry "AUT"]
[BlackTeamCountry "AUT"]

1. d4 c5 2. e3 Nf6 3. Nf3 g6 4. Be2 Bg7 5. O-O O-O 6. b3 Nc6 7. Bb2 cxd4 8.
Nxd4 d6 9. c4 Nxd4 10. Bxd4 Bd7 11. Nd2 Bc6 12. Bb2 Qa5 13. Bf3 Rfd8 14. Bxc6
bxc6 15. Qc2 Qf5 16. Qxf5 gxf5 17. Rfd1 c5 18. Nf1 a5 19. Ng3 e6 20. Rd3 Ne4
21. Bxg7 Kxg7 22. Rad1 a4 23. f3 Nxg3 24. hxg3 axb3 25. axb3 Rdb8 26. R1d2 Ra3
27. Rxd6 Rbxb3 28. Rc6 Rxe3 29. Rxc5 Ra7 30. Rc8 Rc3 31. c5 Ra1+ 32. Kf2 Rac1
33. c6 Rxc6 34. Rxc6 Rxc6 35. Ra2 e5 36. Rb2 Kf6 37. Ra2 Rb6 38. Rc2 Kg5 39.
Rc4 Kg6 40. Ra4 Rb2+ 41. Kf1 h5 42. f4 f6 43. Ra7 Rb4 44. fxe5 fxe5 45. Ra8 h4
46. gxh4 Rxh4 47. Kf2 Rb4 48. Rg8+ Kf7 49. Rg5 Kf6 50. Rg8 Rb2+ 51. Kf3 Rb3+
52. Kf2 Ke6 53. Rg5 f4 54. Rg8 Kf5 55. Ra8 Rb2+ 56. Kf1 e4 57. Rf8+ Ke5 58. Rd8
Rb1+ 59. Ke2 Rb2+ 60. Kf1 Rb5 61. Ke2 Kf5 62. Rg8 Rb2+ 63. Kf1 Rd2 64. Ke1 Rd5
65. Kf1 e3 66. Re8 Rd1+ 67. Ke2 Rd2+ 68. Kf1 Rd5 69. Ke2 Kg4 70. Rg8+ Rg5 71.
Re8 Kg3 72. Kf1 Rg4 73. Re7 Rh4 74. Kg1 Rh5 75. Rg7+ Kh4 76. Kf1 Ra5 77. Ke2
Rg5 78. Rh7+ Kg3 79. Rf7 Rg4 80. Kf1 Rg5 81. Re7 Kg4 82. Ke2 Kf5 83. Kf1 Rh5
84. Ke2 Rh1 85. Rf7+ Ke5 86. Re7+ Kf6 87. Re8 Rg1 88. Rg8 Ra1 89. Rf8+ Ke5 90.
Re8+ Kd5 91. Rd8+ Ke6 92. Rg8 Ra2+ 93. Kf1 Rd2 94. Rg5 Rd5 95. Rg8 Ke5 96. Ke2
Rd2+ 97. Kf1 Ke4 98. Re8+ Kd3 99. Rd8+ Kc2 100. Ra8 Kb2 101. Ra4 Rf2+ 102. Kg1
Rc2 103. Rxf4 Rc1+ 104. Rf1 e2 0-1

[Event "Augsburg Gutmann Memorial 4th"]
[Site "Augsburg"]
[Date "2014.01.04"]
[Round "9"]
[White "Moser, Eva"]
[Black "Geske, Julian"]
[Result "1/2-1/2"]
[WhiteElo "2436"]
[BlackElo "2402"]
[PlyCount "81"]
[EventDate "2013.12.27"]
[EventType "tourn"]
[EventRounds "9"]
[EventCountry "GER"]
[EventCategory "7"]
[SourceTitle "EXT 2015"]
[Source "ChessBase"]
[SourceDate "2014.11.20"]
[SourceVersion "1"]
[SourceVersionDate "2014.11.20"]
[SourceQuality "1"]

1. e4 e5 2. Nf3 Nc6 3. d4 exd4 4. Nxd4 Qf6 5. Nxc6 Bc5 6. Qf3 bxc6 7. Nd2 d6 8.
Nb3 Bb6 9. Bd2 a5 10. Bc3 Qxf3 11. gxf3 f6 12. Rg1 g6 13. a4 Be6 14. Nd4 Bxd4
15. Bxd4 Kf7 16. f4 Ne7 17. Be2 Rhe8 18. O-O-O f5 19. f3 Red8 20. h4 h5 21. Rd2
Rg8 22. b3 c5 23. Bc3 Nc6 24. Bb5 Nb4 25. Bxb4 cxb4 26. Rg5 Kf6 27. Rg1 Rad8
28. Re1 Ke7 29. Bc6 fxe4 30. fxe4 Rdf8 31. Rf2 g5 32. hxg5 Rxg5 33. Bd5 Bxd5
34. exd5+ Kd7 35. fxg5 Rxf2 36. Rg1 Ke7 37. Rh1 Rf5 38. Rxh5 Rxd5 39. Rh7+ Ke6
40. g6 Rg5 41. Rxc7 1/2-1/2

[Event "Augsburg Gutmann Memorial 4th"]
[Site "Augsburg"]
[Date "2014.01.03"]
[Round "8"]
[White "Bromberger, Stefan"]
[Black "Moser, Eva"]
[Result "1/2-1/2"]
[WhiteElo "2500"]
[BlackElo "2436"]
[PlyCount "165"]
[EventDate "2013.12.27"]
[EventType "tourn"]
[EventRounds "9"]
[EventCountry "GER"]
[EventCategory "7"]
[SourceTitle "EXT 2015"]
[Source "ChessBase"]
[SourceDate "2014.11.20"]
[SourceVersion "1"]
[SourceVersionDate "2014.11.20"]
[SourceQuality "1"]

1. e4 c5 2. Nf3 Nc6 3. d4 cxd4 4. Nxd4 Nf6 5. Nc3 e5 6. Ndb5 d6 7. Bg5 a6 8.
Na3 b5 9. Bxf6 gxf6 10. Nd5 f5 11. c3 Bg7 12. Bd3 Be6 13. Nxb5 axb5 14. Bxb5
Bd7 15. exf5 Rb8 16. a4 Rg8 17. O-O Ne7 18. Ne3 d5 19. Qf3 Bxb5 20. axb5 d4 21.
cxd4 exd4 22. Nc4 Qd5 23. Qxd5 Nxd5 24. Ra7 Kf8 25. Nd6 Ne7 26. Re1 Bf6 27. Ne4
Nc8 28. Ra6 Bd8 29. f6 Bb6 30. h4 h6 31. f3 Rh8 32. h5 Kg8 33. Rea1 Kh7 34. Ra8
Rb7 35. Rc1 Na7 36. Rxh8+ Kxh8 37. Kf1 Rd7 38. Ke2 Rd5 39. Kd3 Kg8 40. b4 Rxb5
41. Nc5 Rxb4 42. Nd7 Rb3+ 43. Kc4 Rc3+ 44. Rxc3 dxc3 45. Kxc3 Bc7 46. Kc4 Nc6
47. Kd5 Nd8 48. g4 Ne6 49. Ke4 Ng5+ 50. Ke3 Bd6 51. Ke2 Bf4 52. Kd3 Bg3 53. Ke3
Bc7 54. Ke2 Nh7 55. Kd3 Bd8 56. Ne5 Nxf6 57. Nc6 Bc7 58. Ne7+ Kf8 59. Nf5 Bf4
60. Kd4 Ke8 61. Ng7+ Ke7 62. Nf5+ Kd7 63. Ng7 Ne8 64. Nf5 Nd6 65. Nh4 Ke6 66.
Ng2 Be5+ 67. Ke3 Kd5 68. f4 Bf6 69. Kf3 Nc4 70. Ne1 Bd8 71. Nd3 Be7 72. Nf2
Nd2+ 73. Ke2 Nb3 74. Kf3 Nd4+ 75. Kg3 Bd6 76. Nh3 f6 77. Kf2 Ne6 78. Kf3 Kd4
79. g5 fxg5 80. fxg5 Nxg5+ 81. Nxg5 hxg5 82. Kg4 Ke4 83. Kxg5 1/2-1/2

[Event "Augsburg Gutmann Memorial 4th"]
[Site "Augsburg"]
[Date "2014.01.02"]
[Round "7"]
[White "Moser, Eva"]
[Black "Renner, Christoph"]
[Result "1-0"]
[WhiteElo "2436"]
[BlackElo "2385"]
[PlyCount "159"]
[EventDate "2013.12.27"]
[EventType "tourn"]
[EventRounds "9"]
[EventCountry "GER"]
[EventCategory "7"]
[SourceTitle "EXT 2015"]
[Source "ChessBase"]
[SourceDate "2014.11.20"]
[SourceVersion "1"]
[SourceVersionDate "2014.11.20"]
[SourceQuality "1"]

1. e4 e6 2. d3 g6 3. h4 h5 4. Bg5 Be7 5. Qd2 Nc6 6. Bxe7 Qxe7 7. d4 Nf6 8. Nc3
e5 9. d5 Nd4 10. Nf3 Nxf3+ 11. gxf3 d6 12. O-O-O Bd7 13. f4 O-O-O 14. Bh3 Kb8
15. Bxd7 Nxd7 16. fxe5 Qxe5 17. f3 Rhe8 18. Nb5 Nb6 19. Nd4 Re7 20. Rhg1 Rde8
21. Rg5 Qf6 22. Qh2 a6 23. Kb1 Re5 24. Rgg1 Na4 25. c4 Ka8 26. Qc2 Nc5 27. b4
Nxe4 28. fxe4 Rxe4 29. Ne6 R8xe6 30. dxe6 Qxe6 31. Rc1 c5 32. bxc5 dxc5 33. Rh1
Ka7 34. Ka1 Re2 35. Qc3 Re3 36. Qb2 Re2 37. Rc2 Qe4 38. Rxe2 Qxh1+ 39. Qb1 Qxh4
40. Rb2 Qd4 41. Qh1 Qd7 42. Qe4 Qc7 43. Re2 f5 44. Qe7 Qc6 45. Re6 Qh1+ 46. Re1
Qc6 47. Qe6 Qf3 48. Qe5 Qc6 49. Qd5 Qc7 50. Qe5 Qb6 51. Rb1 Qc6 52. Rd1 h4 53.
Qd6 Qxd6 54. Rxd6 g5 55. Rh6 f4 56. Rg6 f3 57. Rxg5 h3 58. Rg1 b5 59. Kb2 Kb6
60. Kc3 Ka5 61. Kd3 f2 62. Rb1 Ka4 63. Ke2 h2 64. Rh1 Ka3 65. Rxh2 Kxa2 66.
Rxf2 b4 67. Kd3+ Kb3 68. Rf5 a5 69. Rxc5 a4 70. Ra5 a3 71. c5 Ka2 72. c6 b3 73.
c7 b2 74. c8=Q b1=Q+ 75. Qc2+ Qb2 76. Rb5 Qxc2+ 77. Kxc2 Ka1 78. Rb1+ Ka2 79.
Rb3 Ka1 80. Rxa3# 1-0

[Event "Augsburg Gutmann Memorial 4th"]
[Site "Augsburg"]
[Date "2014.01.01"]
[Round "6"]
[White "Schmittdiel, Eckhard"]
[Black "Moser, Eva"]
[Result "1/2-1/2"]
[WhiteElo "2440"]
[BlackElo "2436"]
[PlyCount "21"]
[EventDate "2013.12.27"]
[EventType "tourn"]
[EventRounds "9"]
[EventCountry "GER"]
[EventCategory "7"]
[SourceTitle "EXT 2015"]
[Source "ChessBase"]
[SourceDate "2014.11.20"]
[SourceVersion "1"]
[SourceVersionDate "2014.11.20"]
[SourceQuality "1"]

1. e4 e6 2. d4 d5 3. Nc3 Nf6 4. exd5 exd5 5. Bg5 Be7 6. Bd3 O-O 7. Nge2 c6 8.
Qd2 Nbd7 9. O-O-O b5 10. Ng3 Nb6 11. Rde1 1/2-1/2

[Event "Augsburg Gutmann Memorial 4th"]
[Site "Augsburg"]
[Date "2013.12.31"]
[Round "5"]
[White "Arnaudov, Petar G"]
[Black "Moser, Eva"]
[Result "0-1"]
[WhiteElo "2442"]
[BlackElo "2436"]
[PlyCount "106"]
[EventDate "2013.12.27"]
[EventType "tourn"]
[EventRounds "9"]
[EventCountry "GER"]
[EventCategory "7"]
[SourceTitle "EXT 2015"]
[Source "ChessBase"]
[SourceDate "2014.11.20"]
[SourceVersion "1"]
[SourceVersionDate "2014.11.20"]
[SourceQuality "1"]

1. d4 f5 2. Bg5 h6 3. Bh4 g5 4. e3 Nf6 5. Bg3 d6 6. h4 g4 7. Bd3 Nc6 8. Ne2 e5
9. Bb5 Qe7 10. c4 Bd7 11. Nbc3 Bg7 12. d5 Nd8 13. Bxd7+ Qxd7 14. Qc2 O-O 15. e4
f4 16. Bh2 Nh5 17. O-O-O Nf7 18. f3 g3 19. Bg1 Qe7 20. Kb1 Bf6 21. Nc1 Nh8 22.
b4 Ng6 23. c5 Nxh4 24. Nb3 b6 25. Rc1 Ng7 26. Nb5 h5 27. a4 Qd7 28. Qe2 Rfc8
29. a5 bxc5 30. bxc5 a6 31. c6 Qe7 32. Na7 Rcb8 33. Ka2 Rb4 34. Rxh4 Bxh4 35.
Rc4 Rbb8 36. Ra4 Bf6 37. Qxa6 h4 38. Qb7 Qf7 39. a6 h3 40. gxh3 Qh5 41. Nb5 Ne8
42. Nxc7 Nxc7 43. Qxc7 Qxf3 44. Bb6 Qg2+ 45. Ka3 Qxh3 46. a7 Re8 47. Qb7 f3 48.
Bc7 f2 49. Bb8 f1=Q 50. Qxa8 g2 51. Qb7 g1=Q 52. a8=Q Qc5+ 53. Qb4 Qa1# 0-1

[Event "Augsburg Gutmann Memorial 4th"]
[Site "Augsburg"]
[Date "2013.12.30"]
[Round "4"]
[White "Moser, Eva"]
[Black "Rooze, Jan"]
[Result "1-0"]
[WhiteElo "2436"]
[BlackElo "2340"]
[PlyCount "83"]
[EventDate "2013.12.27"]
[EventType "tourn"]
[EventRounds "9"]
[EventCountry "GER"]
[EventCategory "7"]
[SourceTitle "EXT 2015"]
[Source "ChessBase"]
[SourceDate "2014.11.20"]
[SourceVersion "1"]
[SourceVersionDate "2014.11.20"]
[SourceQuality "1"]

1. g3 g6 2. Bg2 Bg7 3. e4 c5 4. f4 Nc6 5. d3 d6 6. Nf3 Nf6 7. O-O O-O 8. h3 Rb8
9. a4 a6 10. Nc3 b5 11. axb5 axb5 12. Be3 b4 13. Ne2 Bb7 14. g4 c4 15. Ng3 b3
16. dxc4 bxc2 17. Qxc2 Nb4 18. Qb1 Nd7 19. Nd4 e5 20. fxe5 Nxe5 21. b3 Ned3 22.
Qd1 Re8 23. Qf3 Ne5 24. Qf2 Nbd3 25. Qd2 Nc5 26. Rab1 Qh4 27. Nde2 h6 28. Qxd6
Nxe4 29. Nxe4 Bxe4 30. Bf2 Qg5 31. Bxe4 Rbd8 32. Qc5 Nxg4 33. Qxg5 hxg5 34.
hxg4 Rxe4 35. Ng3 Rxg4 36. Kg2 f5 37. Rfd1 Rb8 38. Kf3 Rf4+ 39. Kg2 Rg4 40. Rd7
f4 41. Kf3 fxg3 42. Bxg3 1-0

[Event "Augsburg Gutmann Memorial 4th"]
[Site "Augsburg"]
[Date "2013.12.29"]
[Round "3"]
[White "Kukov, Velislav"]
[Black "Moser, Eva"]
[Result "0-1"]
[WhiteElo "2413"]
[BlackElo "2436"]
[PlyCount "118"]
[EventDate "2013.12.27"]
[EventType "tourn"]
[EventRounds "9"]
[EventCountry "GER"]
[EventCategory "7"]
[SourceTitle "EXT 2015"]
[Source "ChessBase"]
[SourceDate "2014.11.20"]
[SourceVersion "1"]
[SourceVersionDate "2014.11.20"]
[SourceQuality "1"]

1. d4 c5 2. c3 Qa5 3. Nd2 cxd4 4. Nb3 Qb6 5. Qxd4 Qxd4 6. Nxd4 Nf6 7. Nb5 Na6
8. Bg5 d6 9. f3 d5 10. O-O-O Bd7 11. e3 e6 12. Bf4 Bc6 13. Nd6+ Ke7 14. Nb5 Ne8
15. Nd4 Ba4 16. b3 Bd7 17. Bxa6 bxa6 18. e4 f6 19. e5 g5 20. Bg3 Bg7 21. exf6+
Bxf6 22. Nh3 Nd6 23. Rhe1 Nb5 24. Nxb5 axb5 25. Be5 Rhc8 26. Kb2 Rc6 27. Bxf6+
Kxf6 28. Nf2 h5 29. Nd3 Rac8 30. Ne5 R6c7 31. Rd4 Be8 32. Re3 Rc5 33. g3 a5 34.
a3 b4 35. axb4 axb4 36. c4 dxc4 37. Nxc4 Bb5 38. Rd6 Bxc4 39. bxc4 Re5 40. Rxe5
Kxe5 41. Rd7 Rxc4 42. Rh7 h4 43. f4+ gxf4 44. Rxh4 Re4 45. Rh5+ Kd4 46. gxf4
Rxf4 47. Kb3 e5 48. Kxb4 Rf6 49. Kb3 Rc6 50. Rh8 e4 51. h4 e3 52. Rd8+ Ke4 53.
Re8+ Kf3 54. Rf8+ Kg3 55. Re8 Kf2 56. Rf8+ Ke1 57. Re8 e2 58. h5 Rf6 59. h6
Rxh6 0-1

[Event "Augsburg Gutmann Memorial 4th"]
[Site "Augsburg"]
[Date "2013.12.28"]
[Round "2"]
[White "Moser, Eva"]
[Black "Lipok, Christoph"]
[Result "1-0"]
[WhiteElo "2436"]
[BlackElo "2193"]
[PlyCount "55"]
[EventDate "2013.12.27"]
[EventType "tourn"]
[EventRounds "9"]
[EventCountry "GER"]
[EventCategory "7"]
[SourceTitle "EXT 2015"]
[Source "ChessBase"]
[SourceDate "2014.11.20"]
[SourceVersion "1"]
[SourceVersionDate "2014.11.20"]
[SourceQuality "1"]

1. b3 d5 2. Bb2 Bf5 3. e3 Nf6 4. f4 e6 5. Nf3 Bd6 6. d3 O-O 7. h3 Nfd7 8. Qe2
Bg6 9. g4 c5 10. h4 f6 11. h5 Bf7 12. g5 d4 13. Nbd2 e5 14. g6 hxg6 15. hxg6
Bxg6 16. Nh4 Bh7 17. Bg2 Nb6 18. f5 dxe3 19. Nc4 e4 20. O-O-O Bf4 21. dxe4 Qc7
22. e5 N8d7 23. exf6 Nxf6 24. Kb1 Nbd7 25. Nxe3 Rae8 26. Qc4+ Rf7 27. Nd5 b5
28. Nxc7 1-0

[Event "Augsburg Gutmann Memorial 4th"]
[Site "Augsburg"]
[Date "2013.12.27"]
[Round "1"]
[White "Prusikin, Michael"]
[Black "Moser, Eva"]
[Result "0-1"]
[WhiteElo "2532"]
[BlackElo "2436"]
[PlyCount "166"]
[EventDate "2013.12.27"]
[EventType "tourn"]
[EventRounds "9"]
[EventCountry "GER"]
[EventCategory "7"]
[SourceTitle "EXT 2015"]
[Source "ChessBase"]
[SourceDate "2014.11.20"]
[SourceVersion "1"]
[SourceVersionDate "2014.11.20"]
[SourceQuality "1"]

1. d4 e6 2. c4 f5 3. Nf3 Nf6 4. g3 d5 5. Bg2 c6 6. O-O Bd6 7. b3 Qe7 8. Ne5
Nbd7 9. Bb2 O-O 10. Nd2 a5 11. Qc2 Ne4 12. Ndf3 a4 13. Nd3 b5 14. Nfe5 Bxe5 15.
dxe5 bxc4 16. bxc4 Ba6 17. f3 Ng5 18. cxd5 cxd5 19. Qd2 Nf7 20. f4 Rfc8 21.
Rfc1 Bc4 22. Bc3 Nc5 23. Bb4 Ne4 24. Bxe7 Nxd2 25. Rc2 Bxd3 26. Rxc8+ Rxc8 27.
exd3 Rc2 28. Bb4 Rb2 29. Bc3 Rc2 30. Bb4 Rb2 31. Bc3 Rc2 32. Ba5 Rb2 33. Rc1 g5
34. Rc6 Rb1+ 35. Kf2 Rb2 36. Ke3 d4+ 37. Kxd4 Rxa2 38. Rc8+ Kg7 39. Bc6 Nb3+
40. Kc3 Nxa5 41. Bd7 Ra3+ 42. Kb4 Rxd3 43. Bxe6 Nd8 44. Bxf5 Nac6+ 45. Kxa4
Rd4+ 46. Ka3 gxf4 47. gxf4 Rxf4 48. Rc7+ Nf7 49. Bxh7 Ncxe5 50. Bc2 Kf6 51. Kb2
Nd6 52. Bh7 Nb5 53. Rc5 Nd4 54. Kc3 Ne6 55. Rc8 Ke7 56. Bg8 Nd4 57. Ra8 Nb5+
58. Kd2 Nd4 59. Ke3 Rh4 60. Ra7+ Kd6 61. Rh7 Nf5+ 62. Kd2 Rd4+ 63. Kc3 Rd3+ 64.
Kb4 Nc6+ 65. Kc4 Ra3 66. Kb5 Ra8 67. Bf7 Ne5 68. Kb4 Rc8 69. Ka3 Rb8 70. h4 Ne3
71. Ka2 Nd3 72. Rh5 Nc2 73. Bb3 Ncb4+ 74. Ka3 Ra8+ 75. Ba4 Nd5 76. Rh6+ Ke5 77.
Rc6 Kd4 78. h5 Nc5 79. Rg6 Rxa4+ 80. Kb2 Rb4+ 81. Ka1 Nc3 82. Rg4+ N5e4 83. Rg1
Kc4 0-1

[Event "AUT-chT 1314"]
[Site "Austria"]
[Date "2013.12.08"]
[Round "3.4"]
[White "Moser, Guenter"]
[Black "Moser, Eva"]
[Result "1-0"]
[WhiteElo "2357"]
[BlackElo "2436"]
[PlyCount "123"]
[EventDate "2013.12.06"]
[EventType "team-tourn"]
[EventRounds "11"]
[EventCountry "AUT"]
[SourceTitle "CBM 157 Extra"]
[Source "ChessBase"]
[SourceDate "2013.12.19"]
[SourceVersion "1"]
[SourceVersionDate "2013.12.19"]
[SourceQuality "1"]
[WhiteTeam "Ansfelden"]
[BlackTeam "Wolfsberg"]
[WhiteTeamCountry "AUT"]
[BlackTeamCountry "AUT"]

1. d4 c5 2. d5 d6 3. g3 g6 4. Bg2 Bg7 5. Nf3 Nf6 6. O-O b5 7. Re1 O-O 8. e4
Nbd7 9. a4 b4 10. c4 bxc3 11. Nxc3 Ng4 12. Bf1 Nde5 13. Nxe5 Nxe5 14. h3 Rb8
15. f4 Nd7 16. a5 Nf6 17. Kh2 Ne8 18. Qc2 Nc7 19. Bd2 Ba6 20. Bg2 Bc4 21. Ra3
Qc8 22. b3 Ba6 23. e5 Qd8 24. Be3 Bc8 25. Bf2 Na6 26. g4 Nb4 27. Qd1 Ba6 28.
Bg3 Qc7 29. Re3 Rfd8 30. h4 c4 31. bxc4 Qxc4 32. Ra1 Nd3 33. Ne2 dxe5 34. fxe5
Rb2 35. Ra4 Qc2 36. Qxc2 Rxc2 37. Nd4 Rxg2+ 38. Kxg2 Rxd5 39. Nc6 Rc5 40. Nb4
Bb7+ 41. Kh3 Nxe5 42. Nd3 Nxd3 43. Rxd3 h5 44. gxh5 gxh5 45. Bb8 a6 46. Bf4 Bc6
47. Ra2 Bd5 48. Ra4 e5 49. Be3 Rb5 50. Bb6 Be6+ 51. Kg3 f5 52. Rd8+ Kf7 53. Ra8
Rb2 54. Ra7+ Kg6 55. Bf2 f4+ 56. Kg2 Bd5+ 57. Kf1 e4 58. Rxg7+ Kf5 59. Rg5+ Ke6
60. Rd4 Rb5 61. Be1 Rc5 62. Rxe4+ 1-0

[Event "AUT-chT 1314"]
[Site "Austria"]
[Date "2013.12.06"]
[Round "1.4"]
[White "Schreiner, Peter"]
[Black "Moser, Eva"]
[Result "1-0"]
[WhiteElo "2471"]
[BlackElo "2436"]
[PlyCount "61"]
[EventDate "2013.12.06"]
[EventType "team-tourn"]
[EventRounds "11"]
[EventCountry "AUT"]
[SourceTitle "CBM 157 Extra"]
[Source "ChessBase"]
[SourceDate "2013.12.19"]
[SourceVersion "1"]
[SourceVersionDate "2013.12.19"]
[SourceQuality "1"]
[WhiteTeam "Raika Feffernitz"]
[BlackTeam "Wolfsberg"]
[WhiteTeamCountry "AUT"]
[BlackTeamCountry "AUT"]

1. Nf3 c5 2. c4 Nc6 3. Nc3 e5 4. e3 f5 5. d4 e4 6. d5 exf3 7. dxc6 dxc6 8.
Qxd8+ Kxd8 9. gxf3 Bd6 10. f4 Nf6 11. Rg1 Rg8 12. b3 Be6 13. Bb2 Ke7 14. Be2
Kf7 15. O-O-O Be7 16. Bf3 Rad8 17. Rxd8 Rxd8 18. Nb1 g6 19. Nd2 Ng4 20. Rg2 Nf6
21. h3 h6 22. Be2 Nd7 23. Nf3 Rg8 24. h4 Ke8 25. Rg1 Nf6 26. Ne5 Nd7 27. Rxg6
Nxe5 28. Rxe6 Ng6 29. Bh5 Kf7 30. Rxg6 Rxg6 31. e4 1-0

[Event "EU-chT (Women) 19th"]
[Site "Warsaw"]
[Date "2013.11.16"]
[Round "8.10"]
[White "Botsari, Anna Maria"]
[Black "Moser, Eva"]
[Result "0-1"]
[WhiteElo "2338"]
[BlackElo "2434"]
[PlyCount "74"]
[EventDate "2013.11.08"]
[EventType "team-swiss"]
[EventRounds "9"]
[EventCountry "POL"]
[SourceTitle "EXT 2014"]
[Source "ChessBase"]
[SourceDate "2013.11.20"]
[SourceVersion "1"]
[SourceVersionDate "2013.11.20"]
[SourceQuality "1"]
[WhiteTeam "Greece (W)"]
[BlackTeam "Austria (W)"]
[WhiteTeamCountry "GRE"]
[BlackTeamCountry "AUT"]

1. d4 c5 2. d5 d6 3. e4 g6 4. Nc3 Bg7 5. f4 Bxc3+ 6. bxc3 Nf6 7. Qd3 O-O 8. c4
b5 9. cxb5 a6 10. b6 e6 11. dxe6 fxe6 12. Nf3 Qxb6 13. c4 Nc6 14. e5 dxe5 15.
fxe5 Nd7 16. Bd2 Nd4 17. Be2 Bb7 18. Rb1 Qc6 19. Bc3 Nxe5 20. Nxe5 Qxg2 21.
Bxd4 cxd4 22. Rf1 Be4 23. Qxd4 Bxb1 24. Rxf8+ Rxf8 25. Ng4 h5 26. Nf6+ Kf7 27.
Nd7 Re8 28. Qf6+ Kg8 29. Qd4 Re7 30. Nf6+ Kf7 31. Nh7 e5 32. Qb6 Qh1+ 33. Bf1
Qe4+ 34. Be2 Qh1+ 35. Bf1 Qe4+ 36. Be2 Qh4+ 37. Kf1 Kg7 0-1

[Event "EU-chT (Women) 19th"]
[Site "Warsaw"]
[Date "2013.11.08"]
[Round "1.3"]
[White "Moser, Eva"]
[Black "Dzagnidze, Nana"]
[Result "0-1"]
[WhiteElo "2434"]
[BlackElo "2556"]
[PlyCount "98"]
[EventDate "2013.11.08"]
[EventType "team-swiss"]
[EventRounds "9"]
[EventCountry "POL"]
[SourceTitle "EXT 2014"]
[Source "ChessBase"]
[SourceDate "2013.11.20"]
[SourceVersion "1"]
[SourceVersionDate "2013.11.20"]
[SourceQuality "1"]
[WhiteTeam "Austria (W)"]
[BlackTeam "Georgia (W)"]
[WhiteTeamCountry "AUT"]
[BlackTeamCountry "GEO"]

1. e4 c5 2. c3 e6 3. d4 d5 4. exd5 exd5 5. Nf3 Nc6 6. Bb5 Bd6 7. dxc5 Bxc5 8.
O-O Nge7 9. Nbd2 O-O 10. Nb3 Bd6 11. Be3 Nf5 12. Bc5 Be6 13. Re1 Re8 14. Bxd6
Nxd6 15. Bxc6 bxc6 16. Nfd4 Qb6 17. Nxe6 fxe6 18. Qd4 Nc4 19. Rab1 e5 20. Qd1
Re6 21. Nd2 Rf8 22. Nxc4 Qxf2+ 23. Kh1 dxc4 24. Qg4 Rg6 25. Qxc4+ Kh8 26. Rg1
Qc2 27. Qb4 Rgf6 28. Rbe1 Rf4 29. Qb3 Qf2 30. h3 e4 31. c4 h6 32. Qc3 c5 33.
Qe5 Qd4 34. Qe7 R8f7 35. Qe8+ Kh7 36. b3 R7f5 37. Rd1 Qf6 38. Rd5 Qg6 39. Qxg6+
Kxg6 40. Kh2 Rf2 41. Re1 Rxd5 42. cxd5 Kf5 43. Rc1 Ke5 44. Rxc5 Rf7 45. d6+
Kxd6 46. b4 e3 47. Rc2 Kd5 48. Kg1 Kd4 49. Rc8 e2 0-1

[Event "BL 1314 (Women)"]
[Site "Germany"]
[Date "2013.10.06"]
[Round "2.3"]
[White "Moser, Eva"]
[Black "Schneider, Veronika"]
[Result "1/2-1/2"]
[WhiteElo "2433"]
[BlackElo "2266"]
[PlyCount "114"]
[EventDate "2013.10.04"]
[EventType "team-tourn"]
[EventRounds "11"]
[EventCountry "GER"]
[SourceTitle "EXT 2018"]
[Source "ChessBase"]
[SourceDate "2017.10.13"]
[SourceVersion "1"]
[SourceVersionDate "2017.10.13"]
[SourceQuality "1"]
[WhiteTeam "Baden-Baden (W)"]
[BlackTeam "Hamburger SK (W)"]
[WhiteTeamCountry "GER"]
[BlackTeamCountry "GER"]

1. b3 c5 2. Bb2 Nc6 3. e3 d5 4. Bb5 Nf6 5. f4 Bf5 6. Nf3 Qb6 7. Bxc6+ bxc6 8.
O-O h5 9. Nc3 e6 10. Rc1 Be7 11. Na4 Qa6 12. Ne5 Rc8 13. Ba3 c4 14. Bxe7 Kxe7
15. d3 Ng4 16. e4 Nxe5 17. exf5 Ng4 18. dxc4 Ne3 19. Qd4 Nxf5 20. Qc5+ Kf6 21.
g3 Rhd8 22. Qf2 g6 23. h3 Nd6 24. g4 Ne4 25. Qd4+ Ke7 26. f5 gxf5 27. gxf5 Rg8+
28. Kh2 Qa5 29. Qe3 Rg5 30. fxe6 fxe6 31. Qf4 Qd2+ 32. Qxd2 Nxd2 33. Rf2 Ne4
34. Re2 Rf8 35. cxd5 cxd5 36. c4 Kd6 37. cxd5 exd5 38. Nc3 Nxc3 39. Rxc3 Rgf5
40. Kg3 d4 41. Rc4 Kd5 42. Ra4 Rf3+ 43. Kg2 Re3 44. Rxe3 dxe3 45. Rxa7 Kd4 46.
a4 Rf2+ 47. Kg1 Rb2 48. Kf1 h4 49. a5 Rxb3 50. a6 Ra3 51. Rd7+ Ke4 52. a7 Ra2
53. Rf7 Kd3 54. Rd7+ Ke4 55. Rf7 Ra6 56. Ke2 Ra2+ 57. Ke1 Ra1+ 1/2-1/2

[Event "Styrian op-A"]
[Site "Bad Gleichenberg"]
[Date "2013.07.13"]
[Round "8"]
[White "Schnider, Gert"]
[Black "Moser, Eva"]
[Result "1/2-1/2"]
[WhiteElo "2353"]
[BlackElo "2446"]
[PlyCount "124"]
[EventDate "2013.07.06"]
[EventType "swiss"]
[EventRounds "9"]
[EventCountry "AUT"]
[SourceTitle "CBM 155 Extra"]
[Source "ChessBase"]
[SourceDate "2013.08.26"]
[SourceVersion "1"]
[SourceVersionDate "2013.08.26"]
[SourceQuality "1"]

1. Nf3 Nf6 2. d4 a6 3. e3 g6 4. b3 Bg7 5. Bb2 O-O 6. Bd3 d6 7. O-O Nbd7 8. Nbd2
Re8 9. Re1 e5 10. dxe5 Nxe5 11. Nxe5 dxe5 12. e4 Nd7 13. Bf1 Nc5 14. Nc4 Qxd1
15. Raxd1 b6 16. Ne3 Bb7 17. Nd5 Ne6 18. Ba3 f6 19. c3 h5 20. h4 Kh7 21. g3 g5
22. hxg5 fxg5 23. Ne7 Bf8 24. Rd7 Rad8 25. Red1 Rxd7 26. Rxd7 Rd8 27. Rxd8 Nxd8
28. f3 Nf7 29. Bc4 Nh6 30. Be6 Kg7 31. Nf5+ Nxf5 32. Bxf8+ Kxf8 33. Bxf5 Kg7
34. Kf2 Bc6 35. Ke3 a5 36. a3 Kf6 37. b4 Be8 38. Bc8 Bf7 39. Bd7 Be6 40. Be8
Bf7 41. Bb5 h4 42. Kf2 Be6 43. Kg2 Ke7 44. Kh2 Kf6 45. Kg2 Bb3 46. Be2 c5 47.
Kh3 Be6+ 48. Kg2 cxb4 49. cxb4 Ke7 50. Kh2 Kd6 51. Bb5 Ke7 52. Bf1 Kf6 53. Bb5
Kg6 54. Be8+ Kh6 55. Bb5 Bb3 56. Be2 axb4 57. axb4 Kh5 58. Kg2 Be6 59. Kf2 g4
60. gxh4 Kxh4 61. fxg4 Bxg4 62. Bb5 Kg5 1/2-1/2

[Event "Styrian op-A"]
[Site "Bad Gleichenberg"]
[Date "2013.07.12"]
[Round "7"]
[White "Tratar, Marko"]
[Black "Moser, Eva"]
[Result "1-0"]
[WhiteElo "2495"]
[BlackElo "2446"]
[PlyCount "147"]
[EventDate "2013.07.06"]
[EventType "swiss"]
[EventRounds "9"]
[EventCountry "AUT"]
[SourceTitle "CBM 155 Extra"]
[Source "ChessBase"]
[SourceDate "2013.08.26"]
[SourceVersion "1"]
[SourceVersionDate "2013.08.26"]
[SourceQuality "1"]

1. d4 e6 2. c4 f5 3. g3 Nf6 4. Bg2 d5 5. Nh3 c6 6. O-O Bd6 7. Bf4 Be7 8. Nd2
O-O 9. Qc2 Nh5 10. Nf3 Nxf4 11. Nxf4 Bd6 12. Nd3 Nd7 13. Rac1 Qe7 14. Rfd1 b6
15. b4 b5 16. c5 Bc7 17. Nfe5 Nxe5 18. dxe5 a5 19. a3 g5 20. f4 g4 21. Ne1 Bd7
22. Qc3 Ra6 23. Nc2 Rfa8 24. e3 Qe8 25. Bf1 R8a7 26. Qe1 axb4 27. axb4 Ra2 28.
Qc3 R2a4 29. Rb1 Ra2 30. Bd3 R2a4 31. Rb2 Bd8 32. Qd2 h5 33. Nd4 Be7 34. Bc2
R4a6 35. Bb3 Qg6 36. Qe1 Kf7 37. Rbb1 Kg7 38. Ra1 Qe8 39. Rxa6 Rxa6 40. Qc3 Kh7
41. Kg2 h4 42. Rh1 h3+ 43. Kf2 Bf8 44. Qb2 Ra7 45. Rd1 Qc8 46. Ke1 Kg6 47. Kd2
Be7 48. Qc3 Qa8 49. Kc2 Kh5 50. Kb2 Kg6 51. Qe1 Bd8 52. e4 dxe4 53. Nxe6 Be7
54. Nd4 Qc8 55. Ra1 Rc7 56. Qb1 Be8 57. Qa2 Qd8 58. Rd1 Rd7 59. Kc3 Bxc5 60.
Ne6 Rd3+ 61. Kc2 Rxd1 62. Nxd8 Rxd8 63. bxc5 e3 64. Kc3 b4+ 65. Kxb4 Rd2 66.
Qxd2 exd2 67. Kc3 Bd7 68. Kxd2 Kg7 69. Kc3 Kf8 70. Kb4 Ke7 71. Ka5 Be6 72. Bxe6
Kxe6 73. Kb6 Kd5 74. e6 1-0